00848nam a22002415i 450000100060000000300090000600500170001500700030003200800410003502000180007604000220009408000130011608000130012910000370014224501080017926000430028730000210033065000390035165100440039085200330043499900170046795201220048411735ES-MaACL20230906150150.0t|960227s1995 sp ||||0| spa j a84-206-9433-9 aM-BN bspa cM-BN a321.7(4) a338.1(4)1 aMaravall, José María.97633014aLos resultados de la democracia b: un estudio del sur y el este de Europa / cJosé María Maravall. aMadrid : bAlianza Editorial, c[1995] a316 p ; c22 cm.14aDemocratización-zEuropa.911580 4aEuropa-xSituación económica.98633 aES-MaACLjL-19045 bR.124616 c11735d11735 00104070aATENEOMbATENEOMcDEPO2d2008-01-17eSCl0oL-19045p1011960r2023-02-23 00:00:00w2023-02-23yMONOGRAFIA